Statistiques concernant L'espace

Cliquez ici pour prendre le quiz!

Statistiques générales

  • Ce quiz a été pris 70 fois
  • Le résultat moyen est 4 sur 12

Statistiques - réponses

Evènements concernant la course à l'espaceRéponses% Correct
En quelle année ?1969
72%
En quelle année ?1961
56%
Nom du premier homme à être allé dans l'espaceGagarine
54%
Nom du premier être vivant à aller dans l'espaceLaika
52%
La date de son lancement (année)1957
44%
Date de création de la Nasa (année)1958
31%
Année de création de l'ESA1975
30%
Quels sont les deux blocs qui s'opposaient durant cette course au XXè siècle ?Etats-Unis et URSS
16%
Le premier satellite de l'HistoireSpoutnik 1
15%
Nom du premier satellite français envoyé en 1965Astérix
11%
Noms des premiers Hommes à être allés sur la LuneArmstrong et Aldrin
10%
Comment appelle-t-on l'Iniative de Défense StratégiqueGuerre des étoiles
5%

Distribution des résultats

Percentile par nombre de réponses

% des personnes avec chaque résultat

Votre développement - résultats

Vous n’avez pas pris ce quiz